| 000 | 00524nam a2200181Ia 4500 | ||
|---|---|---|---|
| 005 | 20240823025139.0 | ||
| 008 | 240823s9999||||xx |||||||||||||| ||und|| | ||
| 041 | _aENGLISH | ||
| 082 | _A338.7P5 | ||
| 100 | _aVijayalakshmi Sedidi etal Ed | ||
| 245 | 0 | _a"Proceedings of the International Conference,2003 on Business & Finance Vol IV" | |
| 250 | _a1 | ||
| 260 |
_c2005 _bThe ICFAI University _aHyderabad |
||
| 500 | _aYES | ||
| 650 |
_aEmerging Securities Market _bManagement Studies |
||
| 942 | _cBK | ||
| 999 |
_c185621 _d185621 |
||